000
00318nam a22001217a 4500
008
230703b xxu||||| |||| 00| 0 eng d
082
_a
346.6
_b
BYA 1973
100
_c
J. B. Byamugisha
245
_a
Insurance Law in East Africa
260
_b
East Africa Literature Bureau
_c
1973
300
_a
XIII,218p
942
_2
ddc
_c
BK
999
_c
3187
_d
3187